Gonzalo de Quesada (Record no. 41983)

MARC details
000 -LEADER
campo de control de longitud fija 00565nam a2200169 i 4500
001 - NÚMERO DE CONTROL
campo de control 41983
003 - IDENTIFICADOR DE NÚMERO DE CONTROL
campo de control ES-MaACL
005 - FECHA Y HORA DE LA ÚLTIMA TRANSACCIÓN
campo de control 20230906160528.0
007 - CAMPO FIJO DE DESCRIPCIÓN FÍSICA--INFORMACIÓN GENERAL
campo de control de longitud fija t|
008 - DATOS DE LONGITUD FIJA--INFORMACIÓN GENERAL
campo de control de longitud fija 030312s1916 cu ||||1| spa d
100 1# - ENTRADA PRINCIPAL--NOMBRE DE PERSONA
Nombre de persona Carbonell y Rivero, José Manuel.
9 (RLIN) 35072
245 10 - MENCIÓN DEL TÍTULO
Título Gonzalo de Quesada
Resto del título : discurso al cumplirse el primer aniversario de la muerte el 9 de enero de 1916 /
Mención de responsabilidad, etc. José Manuel Carbonell y Rivero.
260 ## - PUBLICACIÓN, DISTRIBUCIÓN, ETC.
Lugar de publicación, distribución, etc. Habana :
Nombre del editor, distribuidor, etc. [s.n.,
Fecha de publicación, distribución, etc. 1916]
300 ## - DESCRIPCIÓN FÍSICA
Extensión 22 p. ;
Dimensiones 23 cm.
500 ## - NOTA GENERAL
Nota general Con un retr. de Gonzalo de Quesada.
852 ## - LOCALIZACIÓN
Ubicación ES-MaACL
Número de control de estantería 1510-F-8
Holdings
Estatus retirado Estado de pérdida Estado de daño No para préstamo Colección Biblioteca de origen Biblioteca actual Ubicación en estantería Fecha de adquisición Fuente de adquisición Total de préstamos Signatura topográfica completa Código de barras Visto por última vez Precio de reemplazo Tipo de ítem Koha
        Colección de folletos Biblioteca del Ateneo de Madrid Biblioteca del Ateneo de Madrid Depósito folletos 17/01/2008     1510-F-8 1044194 23/02/2023 23/02/2023 Folleto